Eerste Ministers van België 1945-2025 - Statistieken

Algemene statistieken
  • Deze quiz is 116 keer genomen
    34 sinds de laatste reset
  • De gemiddelde score is 27 van 50
Antwoordstatistieken
Regeerperiode Antwoord % Correct
2020-.2025 De Croo
100%
2025-... De Wever
100%
2011-2014 Di Rupo
93%
2014-2018 Michel I
90%
2018-2019 Michel II
90%
2019-2020 Wilmès I
90%
2020-2020 Wilmès II
90%
1992-1995 Dehaene I
79%
1995-1999 Dehaene II
79%
1999-2003 Verhofstadt I
76%
2003-2007 Verhofstadt II
76%
2007-2008 Verhofstadt III
76%
2008-2008 Leterme I
72%
2009-2011 Leterme II
72%
1979-1980 Martens I
62%
1980-1980 Martens II
62%
1980-1980 Martens III
62%
1980-1981 Martens IV
62%
1991-1992 Martens IX
62%
1981-1985 Martens V
62%
1985-1987 Martens VI
62%
1987-1988 Martens VII
62%
1988-1991 Martens VIII
62%
1946-1946 Spaak II
55%
1947-1948 Spaak III
55%
1948-1949 Spaak IV
55%
1949-1950 G. Eyskens I
52%
1958-1958 G. Eyskens II
52%
1958-1961 G. Eyskens III
52%
1968-1972 G. Eyskens IV
52%
1972-1973 G. Eyskens V
52%
1981-1981 M. Eyskens
52%
2008-2009 Van Rompuy
52%
1966-1968 Vanden Boeynants I
41%
1978-1979 Vanden Boeynants II
41%
1974-1974 Tindemans I
38%
1974-1977 Tindemans II
38%
1977-1977 Tindemans III
38%
1977-1978 Tindemans IV
38%
1973-1974 Leburton
28%
1961-1965 Lefèvre
28%
1945-1945 Van Acker I
28%
1945-1946 Van Acker II
28%
1946-1946 Van Acker III
28%
1954-1958 Van Acker IV
28%
1965-1966 Harmel
21%
1946-1947 Huysmans
21%
1950-1952 Pholien
17%
1950-1950 Duvieusart
10%
1952-1954 Van Houtte
10%
Geen overeenkomende quizzen gevonden
Scoreverdeling
Procent van Mensen met Elke Score
Percentiel versus Aantal Correcte Antwoorden
Uw Scoregeschiedenis
U heeft deze quiz nog niet genomen sinds de laatste reset